MDQL
is popping MORE tags! Check the
thread
!
Quizzes
Events
Quiz Creation
Community
Videos
Private Events
Remove Ads
Sign In
Join for FREE
Feedback
Dark Mode
Quiz Categories
Sports
Geography
Music
Movies
Television
Just For Fun
Miscellaneous
History
Literature
Language
Science
Gaming
Entertainment
Religion
Holiday
For Kids
Quiz Lab
Recent
Popular Today
Quiz Kudos Today
Editor Picks
Curator Picks
Quizzes by...
Day
Popularity
Type
Ratings
Length
Year
Community
Subscriptions
Recent Discussions
Orange Saloon
Badges
Playlists
Quests
Create
Leaderboards
Showdown
Live 5
Trivia Bingo
Activity
Puzzle Library
Sporcle Events
Private Events
Virtual Trivia
Globe League
Become a Host
Pub Owners
SporcleCon
Opinionation
Our Games
Videos
Blog
Mobile Apps
Partnerships
Remove Ads and Go Orange
Feedback
Geography
Country
Landmarks
City
State
Population
World
Capital
Continent
Flags
Europe
Africa
Asia
South America
North America
Oceania
Border
Canada
United Kingdom
Topography
United States
Geography
Country
Landmarks
City
State
Population
World
Capital
Continent
Flags
Europe
Africa
Asia
South America
North America
Oceania
Border
Canada
United Kingdom
Topography
United States
Random Quiz
Search Sporcle
×
Quiz Lab
Quiz Lab
Geography
Country
Type in answers that appear in a list
Type in answers that appear in a list
Classic
Best Score? Go Orange.
Countries by Largest City Stats
Can you name the Countries by Largest City?
By
Twinkle1234
19m
195 Questions
395 Plays
395 Plays
395 Plays
Comments
Comments
Give Quiz Kudos
Give Quiz Kudos
-
- Ratings
hide this ad
Forced Order
Answers have to be entered in order
Answers have to be entered in order
Random Order
Randomize order of answers
Randomize order of answers
Replay
Link that replays current quiz
Next Quiz
Link to next quiz in quiz playlist
You Got
0%
They Got
Avg Score
63%
Avg Friend Score
Upgrade to see
Score Distribution
Jump to the score distribution portion of the page
Score
0/195
Timer
19:00
0
Plays Today
City
Country
% Correct
Brussels
Belgium
89.4%
Sydney
Australia
88.6%
Belize City
Belize
88.6%
Tokyo
Japan
88.6%
City of Singapore/
Singapore City
Singapore
88.6%
Toronto
Canada
88.4%
Athens
Greece
88.4%
Guatemala City
Guatemala
88.4%
Berlin
Germany
88.1%
Baghdad
Iraq
88.1%
Rome
Italy
88.1%
Johannesburg
South Africa
88.1%
Dublin
Ireland
87.8%
Jerusalem
Israel
87.8%
Panama City
Panama
87.8%
Lima
Peru
87.8%
Shanghai
People's Democratic Republic of China
87.6%
Cairo
Egypt
87.6%
Moscow
Russia
87.6%
Madrid
Spain
87.6%
Buenos Aires
Argentina
87.3%
Helsinki
Finland
87.3%
Paris
France
87.3%
Kuwait City
Kuwait
87.3%
Mexico City
Mexico
87.3%
Oslo
Norway
87.3%
Warsaw
Poland
87.3%
Seoul
South Korea
87.3%
New York City
United States
87.3%
Lisbon
Portugal
87.1%
Vienna
Austria
86.8%
Reykjavik
Iceland
86.8%
Stockholm
Sweden
86.8%
Prague
Czech Republic
86.6%
Copenhagen
Denmark
86.6%
Amsterdam
The Netherlands
86.3%
Bangkok
Thailand
86.3%
Havana
Cuba
86.1%
London
United Kingdom
86.1%
Vatican City
Holy See of the Vatican City
86.1%
Budapest
Hungary
85.8%
Auckland
New Zealand
85.8%
Luxembourg
Luxembourg
85.6%
Algiers
Algeria
85.3%
Mumbai
India
85.3%
Istanbul
Turkey
85.3%
Sao Paulo
Brazil
84.8%
Santiago
Chile
84.8%
Tehran
Iran
84.8%
Kingston
Jamaica
84.8%
Jakarta
Indonesia
84.6%
Kiev /
Kyiv
Ukraine
84.6%
Dubai
United Arab Emirates
84.6%
Ho Chi Minh City
Vietnam
84.6%
Djibouti
Djibouti
84.3%
San Salvador
El Salvador
83.5%
Pyongyang
North Korea
83.5%
Zurich
Switzerland
83.3%
Tunis
Tunisia
83%
Bogota
Colombia
82.8%
Andorra la Vella
Andorra
82.5%
Minsk
Belarus
82%
Kabul
Afghanistan
81.8%
Nairobi
Kenya
81.8%
Taipei
Taiwan
81.3%
City
Country
% Correct
Port-
au-
Prince
Haiti
80.3%
Caracas
Venezuela
80%
Casablanca
Morocco
79.7%
Bucharest
Romania
79.5%
Beirut
Lebanon
78.7%
Montevideo
Uruguay
78.7%
Damascus
Syria
78.5%
Kuala Lumpur
Malaysia
77.5%
Riyadh
Saudi Arabia
77%
Zagreb
Croatia
76.5%
Sao Tome
Sao Tome et Principe
75.9%
Bissau
Guinea-Bissau
75.7%
Sofia
Bulgaria
75.4%
Phnom Penh
Cambodia
75.2%
Riga
Latvia
74.7%
Nassau
The Bahamas
74.2%
Addis Ababa
Ethiopia
74.2%
Monte Carlo
Monaco
74.2%
Sarajevo
Bosnia and Herzegovina
73.7%
Belgrade
Serbia
73.4%
Tripoli
Libya
73.2%
Kathmandu
Nepal
72.9%
Asuncion
Paraguay
72.4%
Bratislava
Slovakia
72.2%
Tallinn
Estonia
71.9%
Ulaan Baatar
Mongolia
71.9%
San Jose
Costa Rica
71.6%
Santo Domingo
Dominican Republic
71.4%
Vilnius
Lithuania
71.1%
Lagos
Nigeria
71.1%
Amman
Jordan
67.8%
Mogadishu
Somalia
67.1%
Tbilisi
Georgia
66.8%
Dhaka
Bangladesh
66.3%
Colombo
Sri Lanka
66.1%
Karachi
Pakistan
65.3%
Nicosia
Cyprus
64.8%
Ljubljana
Slovenia
64.1%
Tirana
Albania
63.3%
Tegucigalpa
Honduras
63.3%
Skopje
Former Yugoslav Republic of Macedonia
62.3%
Muscat
Oman
61.8%
Dakar
Senegal
61%
Accra
Ghana
60.8%
Managua
Nicaragua
59.5%
Harare
Zimbabwe
59%
Doha
Qatar
58.7%
Baku
Azerbaijan
58.2%
Chisinau
Moldova
58%
Pristina
Kosovo
57.2%
Windhoek
Namibia
56.7%
Monrovia
Liberia
56.5%
Yangon /
Rangoon
Myanmar
56.5%
Kinshasa
The Democratic Republic of the Congo
56.2%
Dar es Salaam
Tanzania
55.7%
Ouagadougou
Burkina Faso
55.4%
Freetown
Sierra Leone
55.4%
Port Moresby
Papua New Guinea
55.2%
Tashkent
Uzbekistan
54.7%
Vientiane
Laos
53.7%
Paramaribo
Suriname
53.7%
Sana'a
Yemen
53.2%
Yerevan
Armenia
52.9%
Antananarivo
Madagascar
52.7%
Georgetown
Guyana
52.4%
City
Country
% Correct
Brazzaville
Republic of the Congo
51.6%
Bishkek
Kyrgyzstan
51.6%
Podgorica
Montenegro
51.4%
Bandar Seri Begawan
Brunei
51.1%
Kampala
Uganda
50.9%
Suva
Fiji
49.9%
Luanda
Angola
49.6%
N'Djamena
Chad
48.9%
Thimphu
Bhutan
48.6%
Male
The Maldives
48.4%
Bridgetown
Barbados
47.1%
Maputo
Mozambique
46.6%
Conakry
Guinea
44.8%
Quezon City
The Philippines
44.8%
Lome
Togo
44.8%
Ashgabat
Turkmenistan
44.8%
Dili
East Timor
44.3%
Manama
Bahrain
43.5%
Lusaka
Zambia
42.8%
Almaty
Kazakhstan
42%
Dushanbe
Tajikistan
42%
Bamako
Mali
41.8%
Niamey
Niger
41.8%
Apia
Samoa
41.8%
Saint John's
Antigua and Barbuda
41.3%
Libreville
Gabon
41.3%
Kigali
Rwanda
41%
Gaborone
Botswana
40.5%
Roseau
Dominica
40.5%
Nouakchott
Mauritania
40.5%
Nuku'alofa
Tonga
40.5%
Victoria
The Seychelles
40.3%
Saint George's
Grenada
39.2%
Abidjan
Cote d'Ivoire
39%
Guayaquil
Ecuador
39%
Mbabane
Swaziland
39%
Funafuti
Tuvalu
39%
Asmara
Eritrea
38.2%
Moroni
Comoros
36.7%
Bujumbura
Burundi
36.5%
Praia
The Cape Verde Islands
36.5%
Castries
Saint Lucia
36.5%
Honiara
Solomon Islands
35.9%
Basseterre
Saint Kitts and Nevis
35.4%
Bangui
The Central African Republic
34.4%
Port Louis
Mauritius
34.2%
Maseru
Lesotho
33.9%
South Tarawa
Kiribati
33.4%
Port Vila
Vanuatu
33.4%
Malabo
Equatorial Guinea
33.2%
Yaren
Nauru
32.7%
Kingstown
Saint Vincent and the Grenadines
32.7%
Santa Cruz de la Sierra
Bolivia
28.9%
Majuro
Marshall Islands
28.1%
Douala
Cameroon
26.6%
Schaan
Liechtenstein
25.3%
Koror
Palau
24.6%
Cotonou
Benin
19.5%
Birkirkara
Malta
19.2%
Omdurman
Sudan
17.5%
Blantyre
Malawi
15.2%
Kolonia
Micronesia
15.2%
Serrekunda
The Gambia
13.9%
San Fernando
Trinidad and Tobago
13.7%
Dogana
San Marino
10.6%
Quiz Playlist
Details
Report
Send in Message
Add To Playlist
Classic:
Type in answers that appear in a list
Forced Order:
Answers have to be entered in order
Random Order:
Randomize order of answers
Last Updated: Jul 13, 2020
Quiz Scoreboard
CHALLENGE
Sign Up to Join the Scoreboard
Show All
Scores
Hide
Comments
May contain spoilers
Recently Published
Two Season TV Shows II
by 123Four
Television
10m
Image Sorting: Flags VI
by Barbecue
Geography
2m
Find the 'City' Movie
by crazypaving
Movies
60s
More to Explore
Quiz From the Vault
Featured Blog Post
14 Easter Pick-up Lines to Find Eggs With
hide this ad
You Might Also Like...
Tags
City Quiz
Country Quiz
largest
Largest City
Today's Top Quizzes in Geography
Browse Geography
hide this ad
Today's Top Quizzes in Country
Browse Country
Top Contributed Quizzes in Geography
1
Colored Red Europe Blitz I
2
Countries of the World - No Outlines Minefield
3
Colored Red Africa Blitz II
4
Colored Red Europe Blitz II
5
Colored Red Europe Blitz III
6
Colored Red Africa Blitz III
7
Colored Red States Blitz I
8
Colored Red States Blitz II
9
Colored Red States Blitz III
10
A Different View: World Oceans
Explore More
Trending Topics
Marvel
NBA
Anime
Kpop
Crossword
Disney
Harry Potter
Puzzle
Country
Pokémon
NFL
Song
Soccer
WWE
The Office
hide this ad
More By:
Twinkle1234
Quiz
Plays
Rating
Category
Featured
Created
Official Languages of North America
5,338
2.83
Language
Sep 13, 2010
Languages Native to the British Isles
1,220
2.41
Language
Feb 4, 2010
Official Languages of Africa
795
4.00
Language
Sep 9, 2010
Most Spoken Languages in Malta
770
3.50
Language
Aug 17, 2010
The Kyrgyzstan Quiz
729
1.70
Geography
Apr 2, 2010
Go to Creator's Profile
Score Distribution
Quiz Creator Spotlight
Twinkle1234
Follow
Send a Message
Quizzes Created
-
Created Quiz Play Count
-
More By This Creator
Popular Quizzes Today
1
Find the US States - No Outlines Minefield
2
Colored Red Africa Blitz
3
Find the 'City' Movie
4
5x2 Blitz: Bands
5
The Countries of the World
6
Find the Countries of Europe - No Outlines Minefield
7
Find the US States
8
US States
More Geography Quizzes
Rush to the Finish: Capitals
Editor's Pick
Trending Quizzes
Colored Red Europe Blitz I
Colored Red Africa Blitz II
Colored Red Europe Blitz II
Colored Red Africa Blitz III
Colored Red Europe Blitz III
Recently Updated
How Do You Spell That?
pecheneg
Godzilla Movies
pecheneg
Grab Bag: 4-10 Letters
pecheneg
2024 March Madness Bracket
pecheneg
Famous TV Couples
Peacemaker
Champions League XIs: Real Madrid
pecheneg
Largest US Cities 1790-2010
pecheneg
Rides in Walt Disney World
pecheneg
Most Oscar Losses (Acting)
pecheneg
Beyoncé Albums
pecheneg
Trending Topics
Marvel
Kpop
Disney
NBA
Crossword
Harry Potter
Anime
WWE
Puzzle
Country
Song
The Office
Soccer
Pokémon
NFL
Your Account Isn't Verified!
In order to create a playlist on Sporcle, you need to verify the email address you used during registration. Go to your
Sporcle Settings
to finish the process.
Report this User
Report this user for behavior that violates our
Community Guidelines
.
Details:
Send Report
Go to the Sporcle.com Mobile Site →
Comments